Total War: Warhammer - Bretonnia Roster - Statistics

General Stats
  • This quiz has been taken 22 times
  • The average score is 26 of 34
Answer Stats
Type Unit % Correct
Artillery & War Machines Field Trebuchets
92%
Cavalry & Chariots Knights of the Realm
92%
Legendary Heroes The Green Knight
92%
Infantry Battle Pilgrims
83%
Artillery & War Machines Blessed Field Trebuchets
83%
Heroes Damsel
83%
Cavalry & Chariots Grail Knights
83%
Cavalry & Chariots Knights Errant
83%
Legendary Lords Louen Leoncoeur
83%
Infantry Men-at-Arms
83%
Infantry Men-at-Arms (Polearm)
83%
Infantry Men-at-Arms (Shields)
83%
Missile Infantry Peasant Bowmen
83%
Missile Infantry Peasant Bowmen (Fire Arrows)
83%
Missile Infantry Peasant Bowmen (Pox Arrows)
83%
Infantry Peasant Mob
83%
Legendary Lords Repanse de Lyonesse
83%
Legendary Lords The Fay Enchantress
83%
Legendary Lords Alberic de Bordeleaux
75%
Infantry Foot Squires
75%
Lords Lord
75%
Heroes Paladin
75%
Cavalry & Chariots Pegasus Knights
75%
Cavalry & Chariots Questing Knights
75%
Cavalry & Chariots Royal Pegasus Knights
75%
Infantry Spearmen-at-Arms
75%
Infantry Spearmen-at-Arms (Shields)
75%
Cavalry & Chariots Grail Guardians
67%
Infantry Grail Reliquae
67%
Cavalry & Chariots Royal Hippogryph Knights
67%
Cavalry & Chariots Mounted Yeomen
58%
Missile Cavalry & Chariots Mounted Yeomen Archers
58%
Lords Prophetess
58%
Legendary Heroes Henri le Massif
50%
No matching quizzes found
Score Distribution
Percent of People with Each Score
Percentile by Number Answered
Your Score History
You have not taken this quiz